000 00751nam a2200289Ia 4500
005 20260324134132.0
008 008 260324s9999 xx 000 0 eng d
020 _a9780429169656
037 _aEBOOK
040 _aCRL
040 _beng
040 _cCRL
041 _2eng
041 _aeng
084 _qCRL
100 _aKen Parsons
_91140007
245 0 _aHuman Thermal Environments
245 4 _bThe Effects of Hot, Moderate, and Cold Environments on Human Health, Comfort, and Performance, Third Edition
260 _bTaylor and Francis
260 _c2002
365 _a
365 _b340
856 _uhttp://www.taylorfrancis.com/books/9780429169656
942 _cEBOOK
999 _c1795448
_d1795448